Partes del cuerpo en español - Statistics

General Stats
  • This quiz has been taken 610 times
    7 since last reset
  • The average score is 53 of 73
Answer Stats
Body Part Parte del cuerpo % Correct
Blood la sangre
100%
Arm el brazo
100%
Hair el cabello
100%
Brain el cerebro
100%
Heart el corazón
100%
Neck el cuello
100%
Stomach el estomago
100%
Shoulder el hombro
100%
Foot el pie
100%
Beard la barba
100%
Mouth la boca
100%
Head la cabeza
100%
Face la cara
100%
Waist la cintura
100%
Back la espalda
100%
Throat la garganta
100%
Hand la mano
100%
Nose la nariz
100%
Leg la pierna
100%
Knee la rodilla
100%
Ears las orejas
100%
Fingers los dedos
100%
Teeth los dientes
100%
Lips los labios
100%
Muscles los musculos
100%
Eyes los ojos
100%
Chest el pecho
80%
Ankle el tobillo
80%
Forehead la frente
80%
Tounge la lengua
80%
Skin la piel
80%
Eyebrows las cejas
80%
Lungs los pulmones
80%
Forearm el antebrazo
60%
Elbow el codo
60%
Skull el cráneo
60%
Bum el culo
60%
Skeleton el esqueleto
60%
Liver el hígado
60%
Ligament el ligamento
60%
Nerves el nervio
60%
Ear (Inner) el oído
60%
Belly Button el ombligo
60%
Thumb el pulgar
60%
Kidney el riñón
60%
Heel el tacón
60%
Tendon el tendón
60%
Chin la barbilla
60%
Abdomen (Belly) la barriga
60%
Hip la cadera
60%
Spine la columna vertebral
60%
Cheek la mejilla
60%
Wrist la muñeca
60%
Ribs las costillas
60%
Eyelashes las pestañas
60%
Fingernails las uñas
60%
Toenails las uñas de los pies
60%
Abdominals (Abs) los abdominales
60%
Biceps los bíceps
60%
Quadriceps los cuadríceps
60%
Toes los dedos de los pies
60%
Bones los huesos
60%
Intestines los intestinos
60%
Organs los organos
60%
Breasts los senos
60%
Triceps los tríceps
60%
Gluteus Maximus el glúteo mayor
40%
Deltoids los deltoides
40%
Trapezius los trapecios
40%
Lats los dorsales
20%
(Gastrocnemius) Calves los gemelos
20%
Hamstring los isquios
20%
Pectorals los pectorals
20%
No matching quizzes found
Score Distribution
Percent of People with Each Score
Percentile by Number Answered
Your Score History
You have not taken this quiz since the last reset